000 00793npm a2200229 i 4500
001 5137
003 ES-MaACL
005 20231224062910.0
007 hzrazu bucu
008 900417r19901841sp a 00010 spa d
080 _a929(460)"18"
100 1 _aDíaz, Nicomedes Pastor,
_d1811-1863
_944150
245 1 0 _aGalería de españoles célebres
_b: [Microforma] /
_cNicomedes Pastor Díaz.
260 _aMadrid :
_bAteneo Cientifico, Literario y Artistico,
_c1990.
300 _a1 carrete de microfilme :
_bnegativo ;
_c16 mm.
500 _aPublicado originalmente: Madrid, Sanchiz, 1841-1845, 9 tomos en 4 volúmenes.
505 8 _aTomos 1 a 9
650 1 4 _aObras de 1800.
_915662
852 _aES-MaACL
_jMC-16
_95254
942 _2udc
_cMICROFORMA
999 _c5137
_d5137